000 00453nam a2200181Ia 4500
001 18089
005 20260306171605.0
008 260306s9999||||xx |||||||||||||| ||und||
041 _aESP
082 _a658.401
_bS16
100 _aSainz de Vicuña Ancín, José María
_eAUT
245 0 _aEl plan estratégico en la práctica
260 _c2010
300 _a391 páginas :
_c24 cm.
650 _aGEN
654 _aCAN
942 _cLIB
_dJUS
_fJUS
_2ddc
_n
999 _c18089
_d18089